Paths to the ancient past; applications of the historical method to ancient history /

محفوظ في:

المؤلف الرئيسي: Jones, Tom B. 1909-1999.

التنسيق: كتاب

اللغة: English

منشور في: New York : Free Press, 2010.

الموضوعات:

الوسوم: إضافة وسم

لا توجد وسوم, كن أول من يضع وسما على هذه التسجيلة!

رقم الطلب: D56 .J8 2010

LEADER 00730nam a22002417a 4500
001 754819
003 OSt
005 20260205105702.0
008 260205t2010 nyua b 000 0 eng
010 |a  67012515  
020 |a 9780029166307 
040 |c ARCE Library 
050 1 4 |a D56  |b .J8 2010 
100 1 |a Jones, Tom B.  |q (Tom Bard),  |d 1909-1999. 
245 1 0 |a Paths to the ancient past;   |b applications of the historical method to ancient history /   |c by Tom B. Jones. 
260 |a New York :   |b Free Press,   |c 2010. 
300 |a ix, 192 p. :   |b illus. ;   |c 22 cm. 
504 |a Bibliographical footnotes. 
650 0 |a History, Ancient. 
650 0 |a History  |x Methodology. 
901 |a reviewed 
942 |2 lcc  |c BK 
999 |c 47282  |d 47282